00525nam a2200181Ia 4500003000400000008004100004040001600045082002200061100002000083245005300103700002600156260004500182300001000227490004600237650001900283650001500302650002600317GCL140319s9999 xx 000 0 ara d aGCL / cGCL04aطb813.02bا س1 aمحمد قطب10aعلاء والقط مشمش / cمحمد قطب1 aامل المغربى a[S.N] : bدار الفكر العربى a11 ص aسلسلة الزهور الجميلةv004aالاطفال04aالقصص04aقصص الاطفال